Life lines Elementary
The book features a clear, comprehensive, yet manageable language syllabus, a discovery approach to the presentation of language, motivating texts from a variety of authentic sources, strong skills development with an emphasis on functional English, systematic vocabulary work recycled within the uni...
Sparad:
| Materialtyp: | Bok |
|---|---|
| Språk: | Undetermined |
| Publicerad: |
Oxford
Oxford Univ. Press
1999
|
| Ämnen: | |
| Taggar: |
Lägg till en tagg
Inga taggar, Lägg till första taggen!
|
| Thư viện lưu trữ: | Trung tâm Học liệu Trường Đại học Cần Thơ |
|---|
| LEADER | 01197nam a2200217Ia 4500 | ||
|---|---|---|---|
| 001 | CTU_35561 | ||
| 008 | 210402s9999 xx 000 0 und d | ||
| 020 | |c 55000 | ||
| 082 | |a 428.0071 | ||
| 082 | |b L722 | ||
| 245 | 0 | |a Life lines | |
| 245 | 0 | |b Elementary | |
| 245 | 0 | |c Tom Hutchinson | |
| 260 | |a Oxford | ||
| 260 | |b Oxford Univ. Press | ||
| 260 | |c 1999 | ||
| 520 | |a The book features a clear, comprehensive, yet manageable language syllabus, a discovery approach to the presentation of language, motivating texts from a variety of authentic sources, strong skills development with an emphasis on functional English, systematic vocabulary work recycled within the unit, a pronunciation syllabus introducing sounds, stress and intonation, optional Extension sections at the end of each unit. The Student's Book contains a detailed Grammar reference section, a Reflecting on learning section, tapescripts wordlist, and an IPA chart and irregular verb table | ||
| 650 | |a Tiếng Anh,English language | ||
| 650 | |x Sách giáo khoa cho người nước ngoài,Textbooks for foreign speakers | ||
| 904 | |i Minh, 000306 | ||
| 980 | |a Trung tâm Học liệu Trường Đại học Cần Thơ | ||